[Event "XIV American Continental-ch 2019"]
[Site "Sao Paulo"]
[Date "2019.07.12"]
[Round "10.5"]
[White "Vazquez, Guillermo"]
[Black "Leitao, Rafael"]
[Result "1-0"]
[WhiteElo "2483"]
[BlackElo "2616"]
[Annotator "ChessBase"]
[PlyCount "55"]
[EventDate "2019.07.05"]
[EventType "swiss"]
[EventCountry "BRA"]
[SourceTitle "playchess.com"]
[Source "ChessBase"]
[SourceQuality "1"]
[TimeControl "40/5400+30:1800+30"]

1. e4 {[%emt 0:00:00]} c5 {[%emt 0:02:58]} 2. Nf3 {[%emt 0:00:00]} d6 {[%emt 0:00:08]} 3. Bb5+ {[%emt 0:00:36]} Bd7 {[%emt 0:02:09]} 4. c4 {[%emt 0:01:13]} Bxb5 {[%emt 0:08:37]} 5. cxb5 {[%emt 0:00:04]} Nf6 {[%emt 0:00:35]} 6. Nc3 {[%emt 0:01:51]} g6 {[%emt 0:03:30]} 7. O-O {[%emt 0:04:28]} Bg7 {[%emt 0:01:08]} 8. d4 {[%emt 0:00:42]} cxd4 {[%emt 0:00:40]} 9. Nxd4 {[%emt 0:00:20]} O-O {[%emt 0:00:22]} 10. Qe2 {[%emt 0:03:53]} Nbd7 {[%emt 0:01:42]} 11. h3 {[%emt 0:07:03]} d5 {[%emt 0:19:46]} 12. exd5 {[%emt 0:05:26]} Nb6 {[%emt 0:01:03]} 13. Rd1 {[%emt 0:01:40]} Qd6 {[%emt 0:05:49]} 14. Qf3 {[%emt 0:17:03]} Rfd8 {[%emt 0:12:39]} 15. Bf4 {[%emt 0:02:54]} Qd7 {[%emt 0:03:24]} 16. d6 {[%emt 0:02:48]} e6 {[%emt 0:00:06]} 17. Nc6 {[%emt 0:10:07]} bxc6 {[%emt 0:05:13]} 18. bxc6 {[%emt 0:00:03]} Qc8 {[%emt 0:03:10]} 19. Rac1 {[%emt 0:03:38]} Nfd5 {[%emt 0:08:20]} 20. Nxd5 {[%emt 0:06:49]} exd5 {[%emt 0:00:22]} 21. Rxd5 {[%emt 0:01:39]} Bxb2 {[%emt 0:04:58]} 22. d7 {[%emt 0:01:25]} Qa6 {[%emt 0:00:17]} 23. Rc2 {[%emt 0:02:14]} Bf6 {[%emt 0:08:46]} 24. c7 {[%emt 0:01:20]} Qa4 {[%emt 0:01:53]} 25. Rdd2 {[%emt 0:06:24]} Nxd7 {[%emt 0:00:45]} 26. cxd8=Q+ {[%emt 0:00:11]} Rxd8 {[%emt 0:00:03]} 27. Be3 {[%emt 0:02:12]} Rb8 {[%emt 0:01:21]} 28. Qc6 {[%emt 0:01:43]} 1-0

[Event "XIV American Continental-ch 2019"]
[Site "Sao Paulo"]
[Date "2019.07.13"]
[Round "10.6"]
[White "Perdomo, Leandro"]
[Black "Gareyev, Timur"]
[Result "1/2-1/2"]
[WhiteElo "2468"]
[BlackElo "2588"]
[Annotator "TA"]
[PlyCount "92"]
[EventDate "2019.07.05"]
[EventType "swiss"]
[EventCountry "BRA"]
[SourceTitle "playchess.com"]
[Source "ChessBase"]
[SourceQuality "1"]

{[%evp 13,92,5,0,-6,0,0,0,0,5,2,14,7,-2,0,27,0,0,-20,-21,-25,-29,-47,-49,-61,-49,-70,-62,-95,-91,-86,-76,-96,-95,-149,-115,-119,-136,-142,-92,-92,-45,-170,-45,-54,-61,-63,-53,-59,-54,-116,-31,-31,-31,-37,-38,-38,-38,-80,-38,-45,0,-2,0,0,0,0,0,0,0,0,0,0,0,0,0,0,0,0,0,0,0]} 1. d4 d6 2. c4 e5 3. Nf3 e4 4. Ng5 f5 5. Nc3 Be7 6. Nh3 Nf6 7. g3 c6 8. Bg2 {A21: English Opening: 1...e5 2 Nc3} (8. Bg5 O-O 9. Nf4 Na6 10. e3 Nc7 11. h4 Ne6 12. Nxe6 Bxe6 13. Be2 h6 14. Bxf6 Bxf6 15. h5 c5 16. dxc5 Bxc3+ 17. bxc3 dxc5 {½-½ (36) Wojtaszek,R (2749)-Agrest,E (2593) Tallinn 2016}) 8... d5 9. cxd5 cxd5 10. O-O O-O 11. Bg5 Be6 12. Nf4 Bf7 13. Bh3 g6 14. Qb3 $146 ({Predecessor:} 14. Rc1 Nc6 15. e3 Ne8 16. Bh6 Ng7 {0-1 (58) Hrzina,B (2100)-Andersen,J (2264) ICCF email 2017}) 14... Qd7 15. Rfc1 Nc6 16. e3 Nh5 17. Bh6 {[#] Hoping for Nxh5.} Nxf4 18. gxf4 Rfc8 19. Bf1 Na5 $36 {[%mdl 2048] Black has the initiative.} 20. Qb5 Qd8 21. b4 Nc4 22. Bxc4 Rxc4 23. a3 (23. Qxb7 $142 Rb8 24. Qa6) 23... b6 24. Qa4 a5 {[%cal Ra5b4]} 25. Qb3 axb4 26. axb4 Rxb4 27. Qd1 (27. Rxa8 $15 Qxa8 28. Qa2) 27... Bf8 ({Black should play} 27... Be8 $19 28. Rxa8 Qxa8) 28. Rxa8 Qxa8 29. Ra1 Qc6 30. Bxf8 Kxf8 31. Qd2 ({White should try} 31. Ra3 $15) 31... Qc4 (31... Rc4 $17 32. Ne2 Kg7) 32. Rc1 $15 {[#] Na2 is the strong threat.} Qb3 {aiming for ...Rc4.} 33. Rb1 Qa3 34. Rxb4 Qxb4 35. Qc2 h6 36. Na2 Qd6 (36... Qc4 $5 {[%cal Rc4c2]} 37. Qb2 Kg8 $17) 37. Qc8+ $1 {The position is equal.} Kg7 38. Nc3 Qe7 39. Qb8 g5 40. Qxb6 gxf4 41. exf4 Qh4 {Threatens to win with ...Qg4+.} 42. Qc7 Qg4+ 43. Kf1 Qh3+ 44. Kg1 Qg4+ 45. Kf1 Qh3+ 46. Kg1 Qg4+ {Accuracy: White = 59%, Black = 45%.} 1/2-1/2

[Event "XIV American Continental-ch 2019"]
[Site "Sao Paulo"]
[Date "2019.07.13"]
[Round "10.7"]
[White "Hernandez Sanchez, Jairo Andres"]
[Black "Supi, Luis Paulo"]
[Result "0-1"]
[WhiteElo "2387"]
[BlackElo "2562"]
[Annotator "RC"]
[PlyCount "108"]
[EventDate "2019.07.05"]
[EventType "swiss"]
[EventCountry "BRA"]
[SourceTitle "playchess.com"]
[Source "ChessBase"]
[SourceQuality "1"]
[TimeControl "40/5400+30:1800+30"]

1. e4 {[%emt 0:00:00]} c5 {[%emt 0:00:00]} 2. Nf3 {[%emt 0:00:02]} e6 {[%emt 0:00:00]} 3. c4 {[%emt 0:01:05]} a6 {[%emt 0:04:29]} 4. d4 {[%emt 0:01:20]} cxd4 {[%emt 0:00:04]} 5. Nxd4 {[%emt 0:00:14]} Nf6 {[%emt 0:00:25]} 6. Nc3 {[%emt 0:00:13]} Qc7 {[%emt 0:00:20]} 7. a3 {[%emt 0:00:49]} b6 {[%emt 0:00:51]} 8. Be3 {[%emt 0:00:38]} Bb7 {[%emt 0:00:04]} 9. f3 {[%emt 0:00:15]} d6 {[%emt 0:02:25]} 10. Be2 {[%emt 0:01:11]} Be7 {[%emt 0:00:04]} 11. O-O {[%emt 0:00:44]} O-O {[%emt 0:00:16]} 12. Qd2 {[%emt 0:02:43]} Re8 {[%emt 0:05:39]} 13. Rfc1 {[%emt 0:01:16]} Nbd7 {[%emt 0:18:01]} 14. a4 {[%emt 0:03:22]} Rab8 {[%emt 0:03:15]} 15. Nd1 {[%emt 0:04:29]} Bd8 {[%emt 0:14:07]} 16. b4 {[%emt 0:08:07]} Rc8 {[%emt 0:01:06]} 17. Nb3 {[%emt 0:09:03]} Qb8 {[%emt 0:03:09]} 18. a5 {[%emt 0:01:54]} Bc7 {[%emt 0:11:15]} 19. axb6 {[%emt 0:04:44]} Nxb6 {[%emt 0:00:08]} 20. Na5 {[%emt 0:02:17]} Ba8 {[%emt 0:00:53]} 21. Nf2 {[%emt 0:05:40]} d5 {[%emt 0:06:14]} 22. c5 {[%emt 0:05:59]} Bxh2+ {[%emt 0:01:51]} 23. Kh1 {[%emt 0:05:28]} Nh5 {[%emt 0:08:23]} 24. cxb6 {[%emt 0:08:52]} Ng3+ {[%emt 0:00:06]} 25. Kxh2 {[%emt 0:00:10]} Nf1+ {[%emt 0:00:09]} 26. Kg1 {[%emt 0:00:18]} Nxd2 {[%emt 0:00:03]} 27. Bxd2 {[%emt 0:00:55]} Qxb6 {[%emt 0:00:21]} 28. Rxc8 {[%emt 0:08:49]} Rxc8 {[%emt 0:00:10]} 29. Nb3 {[%emt 0:00:14]} dxe4 {[%emt 0:05:11]} 30. Rxa6 {[%emt 0:02:13]} Qc7 {[%emt 0:00:34]} 31. fxe4 {[%emt 0:01:51]} Bb7 {[%emt 0:00:42]} 32. Ra2 {[%emt 0:02:56]} Qb6 {[%emt 0:00:39]} 33. Bd3 {[%emt 0:03:09]} Ra8 {[%emt 0:08:52]} 34. Rxa8+ {[%emt 0:01:17]} Bxa8 {[%emt 0:00:01]} 35. Nc5 {[%emt 0:03:25]} Qd6 {[%emt 0:02:29]} 36. Bc3 {[%emt 0:07:17]} Qg3 {[%emt 0:01:04]} 37. b5 {[%emt 0:01:49]} Qe3 {[%emt 0:00:08]} 38. Nb3 {[%emt 0:00:09]} f5 {[%emt 0:02:49]} 39. Bd2 {[%emt 0:01:03]} Qb6 {[%emt 0:00:33]} 40. exf5 {[%emt 0:01:18]} exf5 {[%emt 0:02:35]} 41. Nc1 {[%emt 0:09:07]} Be4 {[%emt 0:05:18]} 42. Bf1 {[%emt 0:02:18]} h6 {[%emt 0:01:43]} 43. Na2 {[%emt 0:12:18]} Bb7 {[%emt 0:01:43]} 44. Nc3 {[%emt 0:00:38]} Qd4 {[%emt 0:00:34]} 45. Be1 {[%emt 0:00:29]} g5 {[%emt 0:00:38]} 46. Ne2 {[%emt 0:01:13]} Qc5 {[%emt 0:07:36]} 47. Nc3 {[%emt 0:02:31]} g4 {[%emt 0:01:13]} 48. Kh1 {[%emt 0:00:27]} Qe3 {[%emt 0:03:06]} 49. Ne2 {[%emt 0:01:48]} h5 {[%emt 0:02:57]} 50. Nd1 {[%emt 0:00:36]} Qd3 {[%emt 0:00:16]} 51. Ndc3 {[%emt 0:00:50]} h4 {[%emt 0:00:33]} 52. Kg1 {[%emt 0:02:49]} f4 {[%emt 0:02:42]} 53. Bxh4 {[%emt 0:00:51]} g3 {[%emt 0:00:11]} 54. Nxg3 {[%emt 0:01:21]} Qd4+ {[%emt 0:00:36]} 0-1

[Event "XIV American Continental-ch 2019"]
[Site "Sao Paulo"]
[Date "2019.07.12"]
[Round "10.8"]
[White "Quintiliano Pinto, Renato R."]
[Black "Fier, Alexandr"]
[Result "1/2-1/2"]
[WhiteElo "2443"]
[BlackElo "2547"]
[Annotator "TA"]
[PlyCount "129"]
[EventDate "2019.07.05"]
[EventType "swiss"]
[EventCountry "BRA"]
[SourceTitle "playchess.com"]
[Source "ChessBase"]
[SourceQuality "1"]

{[%evp 10,129,0,0,5,0,0,0,0,0,0,0,0,-8,-8,-13,-13,-11,0,-6,-6,-6,0,0,-6,-6,-7,-11,-9,-9,0,0,0,0,0,0,0,0,0,0,0,0,22,-5,-5,-5,-5,-8,-8,-12,-7,-11,-11,-8,-1,-47,-47,-56,-70,-77,-77,-77,-77,-77,-72,-72,-52,-93,-85,-95,-45,-97,-63,-48,-47,-32,-17,-18,0,0,-2,-8,0,0,0,0,0,0,0,0,0,0,0,0,0,0,0,0,0,0,0,0,0,0,0,0,0,0,0,-2,-2,-2,-2,-2,-2,-2,-2,-2,0,0,0,0]} 1. d4 Nf6 2. c4 e6 3. Nf3 d5 4. e3 Be7 5. Nc3 O-O 6. b3 c5 {D37: Queen's Gambit Declined: 5 Bf4} 7. dxc5 (7. Bb2 cxd4 8. Nxd4 a6 9. a3 dxc4 10. Bxc4 b5 11. Be2 Bb7 12. Bf3 Qb6 13. Bxb7 Qxb7 14. Qf3 Qxf3 15. gxf3 Rc8 16. Ke2 {½-½ (16) Andreikin,D (2719)-Matlakov,M (2700) St Petersburg 2018}) 7... dxc4 8. Qxd8 Rxd8 9. Bxc4 Bxc5 10. Bb2 a6 11. O-O b5 12. Rfd1 $146 ({Predecessor:} 12. Be2 Bb7 13. Rfc1 Bf8 14. Kf1 {½-½ (29) Kacheishvili,G (2607)-Hess,R (2595) ICC INT 2012}) 12... Nbd7 13. Be2 Bb7 14. Rac1 Rac8 15. Ne1 Bf8 16. Bf3 Bxf3 17. Nxf3 Nc5 18. Ne1 b4 19. Ne2 Nd5 20. Rd4 a5 21. e4 Nf6 22. f3 a4 23. bxa4 Nxa4 24. Rxd8 Rxd8 25. Bd4 Ne8 26. Rc6 Nd6 27. Ra6 Nb5 28. Rxa4 {[#] Strongly threatening Be3.} Nxd4 29. Nxd4 Rxd4 $11 {[%mdl 4096] Endgame KRB-KRN} 30. Kf2 Rd2+ 31. Ke3 Rb2 32. Ra8 g5 33. Ra5 h6 34. Kd3 Rb1 35. Nc2 Rg1 36. Ne3 Ra1 37. Nc4 Kg7 38. Ke3 Rc1 39. Nd2 Rc2 40. g3 (40. Kd3 $15 Rc3+ 41. Ke2) 40... Rc1 41. Ke2 Kg6 42. f4 g4 43. f5+ {The position is equal.} Kf6 44. fxe6 fxe6 45. e5+ Kg6 46. Nb3 Rc2+ 47. Kd3 Rxh2 48. Nd4 $1 {[%cal Rd4e6]} Rg2 49. Nxe6 Rxg3+ 50. Ke4 Kf7 51. Nf4 {Hoping for Ra7+.} Ra3 52. Rb5 g3 53. Rb7+ Be7 54. e6+ Kf6 $1 55. Nd5+ {[%mdl 64] [#] Double Attack} Kxe6 {aiming for ...Bg5.} 56. Rxe7+ {KRN-KR} Kd6 {Threatens to win with ...Ra4.} 57. Rg7 Ra4 {...b3+ is the strong threat.} 58. Rg6+ Kc5 {White must now prevent ...b3+.} 59. Nxb4 (59. Nb6 {looks sharper.} Ra7 60. Nd5 Ra4) 59... Kxb4 {KR-KR} 60. Kf3 Rxa2 61. Kxg3 h5 62. Rg5 Ra3+ 63. Kh4 Ra5 64. Rxa5 Kxa5 65. Kxh5 {Accuracy: White = 69%, Black = 75%.} 1/2-1/2

[Event "XIV American Continental-ch 2019"]
[Site "Sao Paulo"]
[Date "2019.07.12"]
[Round "10.9"]
[White "Mekhitarian, Krikor Sevag"]
[Black "Lima, Darcy"]
[Result "1-0"]
[WhiteElo "2545"]
[BlackElo "2543"]
[Annotator "TA"]
[PlyCount "97"]
[EventDate "2019.07.05"]
[EventType "swiss"]
[EventCountry "BRA"]
[SourceTitle "playchess.com"]
[Source "ChessBase"]
[SourceQuality "1"]

{[%evp 19,97,66,66,61,62,48,76,49,52,32,47,10,20,14,45,23,157,91,80,19,58,41,44,53,119,120,116,41,48,56,50,47,127,108,112,117,97,90,166,140,168,176,268,272,300,306,287,0,234,0,278,287,279,148,164,159,160,163,143,128,131,140,264,244,283,273,264,257,353,319,400,341,313,291,960,949,943,940,836,776]} 1. Nf3 Nf6 2. c4 g6 3. Nc3 Bg7 4. d4 d6 5. e4 O-O 6. Be2 c5 7. O-O Nc6 8. d5 Na5 9. Bd2 e5 10. a3 b6 $1 11. b4 {E91: King's Indian: Classical: 6 Be2, unusual replies including 6...c5 and 6...Bg4} Nb7 12. Rb1 Ne8 (12... Bd7 13. Re1 Kh8 14. Bg5 Qc7 15. Bd3 Ng8 16. Nb5 {½-½ (16) Khalifman,A (2624)-Nevednichy,V (2528) Dresden 2007}) 13. Ne1 {White is better.} f5 14. Nd3 Bd7 $146 ({Predecessor:} 14... Nf6 15. f3 Bd7 16. Nf2 f4 17. Qb3 h5 18. Rfd1 Rf7 {1-0 (76) Fluegel,R (2408)-Bocheva,M (2364) ICCF email 2007}) 15. f4 exf4 16. Nxf4 Bd4+ 17. Kh1 {aiming for exf5.} Qf6 (17... Ng7 $11 {keeps the balance.}) 18. Nb5 (18. exf5 $142 Bxf5 19. g4 Bxb1 20. Ne6 {[%mdl 64] Discovered Attack} Qxf1+ 21. Bxf1) 18... Be5 $16 {Black wants to play ...a6.} 19. Nd3 (19. Bd3 $16) 19... a6 20. Nxe5 Qxe5 21. Nc3 fxe4 (21... Nf6 $14) 22. Rxf8+ Kxf8 23. Qf1+ (23. Na4 $16) 23... Kg8 $14 24. Qf4 Qxf4 25. Bxf4 b5 ({Black should try} 25... cxb4 $14 26. axb4 (26. Rxb4 b5 $14) 26... a5) 26. cxb5 $16 axb5 27. Nxb5 cxb4 28. axb4 ({Reject} 28. Rxb4 Bxb5 29. Bxb5 Rxa3 $14) 28... Ra2 (28... Nf6 $16 {was worth a try.}) 29. Nc3 $18 Rc2 {[#]} 30. Rb3 $1 Nf6 (30... Ba4 {was called for.} 31. Ra3 (31. Nxa4 Rxe2 32. Kg1 Nf6 $14) 31... Bd7) 31. Kg1 Bg4 32. Ba6 Bc8 33. Be2 {Hoping for Bd1.} Bg4 $1 {[%cal Rg4e2]} 34. Ba6 Bc8 $1 35. Bg5 Kf7 36. Bxf6 (36. Ra3 $18) 36... Kxf6 $16 37. Nxe4+ Ke5 {Strongly threatening ...Rc1+.} 38. Rc3 Ra2 39. Rxc8 Rxa6 {[%mdl 4096] Endgame KRN-KRN} 40. Nc3 Rb6 (40... Ra1+ $16 41. Kf2 Kd4) 41. Rc4 $18 Nd8 42. Kf2 Nf7 43. b5 h5 44. Ke3 Rb7 45. Rc8 Kf6 46. Kd4 Ne5 $2 (46... Ke7 47. Rg8 Kf6 48. Ne4+ Ke7) 47. Ne4+ {White is clearly winning.} Ke7 {[#]} 48. Re8+ $3 {[%mdl 512]} Kd7 (48... Kxe8 49. Nxd6+) 49. Re6 {Accuracy: White = 50%, Black = 33%.} 1-0

[Event "XIV American Continental-ch 2019"]
[Site "Sao Paulo"]
[Date "2019.07.13"]
[Round "10.10"]
[White "Barbosa, Evandro Amorim"]
[Black "Hambleton, Aman"]
[Result "1/2-1/2"]
[WhiteElo "2506"]
[BlackElo "2487"]
[Annotator "TA"]
[PlyCount "124"]
[EventDate "2019.07.05"]
[EventType "swiss"]
[EventCountry "BRA"]
[SourceTitle "playchess.com"]
[Source "ChessBase"]
[SourceQuality "1"]

{[%evp 20,124,12,10,46,37,35,39,33,38,55,50,43,45,45,33,37,35,42,0,0,0,0,0,0,0,0,0,0,0,0,0,16,17,16,0,0,-49,-45,-93,-86,-93,-93,-85,-12,-13,-8,-6,0,0,0,0,0,0,0,0,0,-35,-35,-52,-52,-52,-31,-31,-30,-52,-30,-30,-30,-30,-30,-31,-34,-74,-46,-54,-27,-27,-27,-27,-8,-8,-8,-8,-8,-8,-8,-8,-8,-8,-8,-8,-8,-8,0,-8,-8,-8,-8,-8,-8,-8,-8,-8,-8,-8,-8]} 1. e4 c5 2. Nf3 e6 3. d4 cxd4 4. Nxd4 Nc6 5. Nc3 Qc7 6. Be2 a6 7. O-O Nf6 8. Be3 Bb4 9. Nxc6 bxc6 {[%cal Bb7c6,Bc6c5][%mdl 32]} 10. Qd4 c5 11. Qc4 Bb7 {B49: Sicilian: Taimanov: 5 Nc3 Qc7 6 Be3 a6 7 Be2} (11... O-O 12. Na4 d6 13. a3 Bd7 14. e5 Bb5 15. Qh4 dxe5 16. axb4 Bxe2 17. Rfe1 Bb5 18. Nxc5 Nd7 19. c4 {1-0 (31) Wei,Y (2725)-Karthikeyan,M (2578) Liaocheng 2017}) 12. a3 Bxc3 13. Qxc3 Bxe4 {White is slightly better.} 14. f3 Bg6 15. Qxc5 Qxc5 16. Bxc5 Bxc2 17. Rfc1 Ba4 18. Bd6 {[%mdl 1024] Hoping for Bxa6! White has compensation.} Kd8 19. Rc3 $146 ({Predecessor:} 19. Rc5) 19... Ne8 20. Bb4 a5 21. Bc5 Bc6 22. Rd1 Nf6 23. b4 Nd5 24. Rcc1 axb4 25. axb4 f6 26. b5 Bb7 27. b6 Ke8 28. Bd4 Ke7 29. Ra1 e5 30. Bf2 Rxa1 31. Rxa1 Bc6 (31... Rc8 $17) 32. Bc5+ $11 Ke6 33. Bc4 Rb8 34. Ra5 f5 35. h4 h5 36. g3 g6 37. Kf1 Kf6 38. Bxd5 Bxd5 {[%mdl 4096] Endgame KRB-KRB} 39. Kf2 Ke6 40. f4 d6 41. Be3 Rc8 42. Rb5 Rc2+ 43. Ke1 Bb7 44. fxe5 dxe5 45. Bd2 Rc4 46. Bh6 Rg4 47. Kf2 f4 48. gxf4 $1 exf4 49. Rg5 Rxh4 {And now ...Be4 would win.} 50. Rxg6+ {The position is equal.} Kf5 51. Rg7 Bd5 52. Rd7 Rh2+ 53. Kg1 Rh1+ 54. Kf2 Ke6 55. b7 $132 {[%mdl 2048] White is fighting back} Rh2+ 56. Kg1 Rh1+ 57. Kf2 Rb1 {[#]} 58. Rd6+ $1 {[%mdl 576] Decoy} Kxd6 59. Bxf4+ Ke6 60. b8=Q Rxb8 61. Bxb8 h4 62. Bh2 h3 {Accuracy: White = 72%, Black = 62%.} 1/2-1/2

[Event "XIV American Continental-ch 2019"]
[Site "Sao Paulo"]
[Date "2019.07.12"]
[Round "10.11"]
[White "Rodi, Luis Ernesto"]
[Black "Mecking, Henrique"]
[Result "0-1"]
[WhiteElo "2343"]
[BlackElo "2576"]
[Annotator "TA"]
[PlyCount "98"]
[EventDate "2019.07.05"]
[EventType "swiss"]
[EventCountry "BRA"]
[SourceTitle "playchess.com"]
[Source "ChessBase"]
[SourceQuality "1"]

{[%evp 14,98,34,20,56,37,41,41,53,29,33,0,0,0,29,25,27,18,34,-16,0,0,0,-95,-88,-74,-85,-98,-110,-110,-99,-94,-55,-139,-97,-146,-154,-145,-68,-68,-79,-74,-79,-110,-76,-110,-110,-102,-104,-92,-35,-235,-222,-233,-132,-284,-284,-264,-262,-400,-393,-393,-386,-471,-456,-593,-567,-473,-395,-412,-362,-959,-963,-1760,-1838,-6721,-6544,-2079,-1965,-29953,-12834,-2489,-1637,-1429,-1018,-29988,-29987]} 1. e4 c5 2. Nf3 d6 3. d4 cxd4 4. Nxd4 Nf6 5. Nc3 e6 6. g4 h6 7. Rg1 Nc6 8. Be3 Bd7 {B81: Sicilian Scheveningen: Keres Attack} 9. h4 h5 10. gxh5 Nxh5 {White is slightly better.} 11. Nxc6 $146 ({Predecessor:} 11. Ndb5 Qb8 12. Qd2 a6 13. Nd4 b5 14. O-O-O b4 15. Nce2 Qb7 16. f3 {½-½ (75) Savchenko,B (2583)-Ponomariov,R (2705) Moscow 2007}) 11... Bxc6 12. Qd2 Nf6 13. Bg5 a6 14. O-O-O Qc7 15. Qd4 Be7 16. a4 Rc8 17. Be2 Qa5 18. Bd2 (18. f4 $11 {keeps the balance.}) 18... Qe5 $17 19. Qxe5 dxe5 20. Rxg7 Nxe4 21. Nxe4 Bxe4 22. Bc3 Bxh4 23. Rg4 (23. f3 $1 $15 Bf6 24. Rg3) 23... Bf5 24. Rb4 Bxf2 25. Rxb7 Bd4 ({Black should try} 25... Rh2 $1 $17 26. Bd3 Bxd3 27. Rxd3 Rh1+ 28. Kd2 Be1+ 29. Ke2 Bxc3 30. bxc3 Rh2+ 31. Kd1 Rc4) 26. Bxa6 $15 Rh2 $36 {[%mdl 2048] Keeping White busy.} 27. Bd3 Bxc3 28. bxc3 Rxc3 29. Rd2 {[#]} Rxd2 $1 30. Kxd2 $17 {[%mdl 4096] Endgame KRB-KRB} Ra3 31. Bc4 Be4 ({Black should play} 31... e4 $17 {...e3+ is the strong threat.} 32. Rb3 Ra1) 32. Rb8+ $2 {[#]} (32. Bb5+ $15 Kf8 33. Rc7) 32... Ke7 $1 $19 33. Bb3 Ra1 (33... f5 $19 34. Rb6 Bd5) 34. Rb5 $2 (34. Rb6 $17) 34... Kd6 35. Rb8 Bc6 36. Rf8 (36. Rd8+ {keeps fighting.} Bd7 37. Ra8) 36... f5 37. Rd8+ Bd7 38. Kc3 {and the idea Kb2 leaves White hopeful.} e4 39. Kd4 e5+ 40. Ke3 Kc7 41. Rf8 Rg1 42. Rf6 $2 (42. Rf7 Kd6 43. Rf6+ Ke7 44. Rf7+ Ke8 45. Rh7) 42... Rg3+ 43. Kf2 f4 44. Be6 e3+ 45. Ke2 Bxa4 46. Bd5 Bd7 47. Be6 Bc6 48. Bc4 Bf3+ 49. Kf1 Rh3 {Accuracy: White = 26%, Black = 67%.} 0-1

[Event "XIV American Continental-ch 2019"]
[Site "Sao Paulo"]
[Date "2019.07.12"]
[Round "10.12"]
[White "Mieles Palau, Daniel"]
[Black "Cubas, Jose Fernando"]
[Result "1/2-1/2"]
[WhiteElo "2359"]
[BlackElo "2493"]
[Annotator "ChessBase"]
[PlyCount "70"]
[EventDate "2019.07.05"]
[EventType "swiss"]
[EventCountry "BRA"]
[SourceTitle "playchess.com"]
[Source "ChessBase"]
[SourceQuality "1"]
[TimeControl "40/5400+30:1800+30"]

1. c4 {[%emt 0:00:01]} g6 {[%emt 0:00:00]} 2. Nc3 {[%emt 0:00:42]} Bg7 {[%emt 0:00:19]} 3. g3 {[%emt 0:02:15]} Nf6 {[%emt 0:02:40]} 4. Bg2 {[%emt 0:00:07]} e5 {[%emt 0:00:20]} 5. Nf3 {[%emt 0:04:10]} Nc6 {[%emt 0:01:20]} 6. O-O {[%emt 0:03:48]} O-O {[%emt 0:00:24]} 7. d3 {[%emt 0:01:11]} Re8 {[%emt 0:03:52]} 8. e4 {[%emt 0:05:06]} d6 {[%emt 0:01:30]} 9. h3 {[%emt 0:00:59]} h6 {[%emt 0:15:48]} 10. Be3 {[%emt 0:01:17]} Nh7 {[%emt 0:16:01]} 11. d4 {[%emt 0:08:06]} Ng5 {[%emt 0:04:15]} 12. d5 {[%emt 0:26:52]} Nxf3+ {[%emt 0:10:07]} 13. Qxf3 {[%emt 0:00:32]} Nd4 {[%emt 0:00:25]} 14. Qd1 {[%emt 0:01:15]} c5 {[%emt 0:00:17]} 15. dxc6 {[%emt 0:03:43]} bxc6 {[%emt 0:00:10]} 16. Kh2 {[%emt 0:00:58]} Rb8 {[%emt 0:16:01]} 17. Qd2 {[%emt 0:02:49]} h5 {[%emt 0:08:01]} 18. c5 {[%emt 0:02:33]} dxc5 {[%emt 0:03:39]} 19. Na4 {[%emt 0:08:07]} f5 {[%emt 0:04:59]} 20. exf5 {[%emt 0:01:30]} Bxf5 {[%emt 0:00:55]} 21. Rfc1 {[%emt 0:09:52]} e4 {[%emt 0:02:00]} 22. Qd1 {[%emt 0:02:20]} Rb4 {[%emt 0:03:09]} 23. Nxc5 {[%emt 0:08:50]} Rxb2 {[%emt 0:00:43]} 24. Qa4 {[%emt 0:00:49]} Nf3+ {[%emt 0:00:19]} 25. Kh1 {[%emt 0:00:23]} Qc8 {[%emt 0:00:31]} 26. Rab1 {[%emt 0:01:35]} Rxb1 {[%emt 0:00:47]} 27. Rxb1 {[%emt 0:00:01]} Bxh3 {[%emt 0:00:15]} 28. Rb7 {[%emt 0:00:24]} Rd8 {[%emt 0:02:03]} 29. Qb3+ {[%emt 0:00:50]} Kh8 {[%emt 0:00:11]} 30. Bxf3 {[%emt 0:00:24]} exf3 {[%emt 0:00:37]} 31. Bh6 {[%emt 0:00:53]} Bxh6 {[%emt 0:01:11]} 32. Qc3+ {[%emt 0:00:17]} Kg8 {[%emt 0:00:11]} 33. Qb3+ {[%emt 0:00:01]} Kh8 {[%emt 0:00:53]} 34. Qc3+ {[%emt 0:00:01]} Kg8 {[%emt 0:00:33]} 35. Qb3+ {[%emt 0:00:01]} Kh8 {[%emt 0:00:24]} 1/2-1/2

[Event "XIV American Continental-ch 2019"]
[Site "Sao Paulo"]
[Date "2019.07.12"]
[Round "10.13"]
[White "Hungaski, Robert"]
[Black "Barria Zuniga, Daniel"]
[Result "1-0"]
[WhiteElo "2488"]
[BlackElo "2379"]
[Annotator "ChessBase"]
[PlyCount "63"]
[EventDate "2019.07.05"]
[EventType "swiss"]
[EventCountry "BRA"]
[SourceTitle "playchess.com"]
[Source "ChessBase"]
[SourceQuality "1"]
[TimeControl "40/5400+30:1800+30"]

1. d4 {[%emt 0:04:47]} Nf6 {[%emt 0:05:36]} 2. c4 {[%emt 0:00:09]} e6 {[%emt 0:00:04]} 3. Nc3 {[%emt 0:00:09]} Bb4 {[%emt 0:00:17]} 4. g3 {[%emt 0:00:07]} c5 {[%emt 0:01:51]} 5. Nf3 {[%emt 0:00:12]} cxd4 {[%emt 0:02:40]} 6. Nxd4 {[%emt 0:00:29]} a6 {[%emt 0:04:42]} 7. Bg2 {[%emt 0:02:00]} Qc7 {[%emt 0:05:38]} 8. Qd3 {[%emt 0:08:30]} Nc6 {[%emt 0:03:24]} 9. Nxc6 {[%emt 0:07:21]} dxc6 {[%emt 0:01:30]} 10. O-O {[%emt 0:03:56]} e5 {[%emt 0:01:14]} 11. Bd2 {[%emt 0:06:56]} Be7 {[%emt 0:06:03]} 12. Na4 {[%emt 0:03:15]} b5 {[%emt 0:13:03]} 13. cxb5 {[%emt 0:03:45]} axb5 {[%emt 0:00:56]} 14. Nc3 {[%emt 0:02:16]} Ra6 {[%emt 0:07:32]} 15. a4 {[%emt 0:06:56]} b4 {[%emt 0:04:09]} 16. Ne4 {[%emt 0:00:18]} Nd7 {[%emt 0:07:29]} 17. Be3 {[%emt 0:06:17]} O-O {[%emt 0:07:30]} 18. b3 {[%emt 0:03:55]} c5 {[%emt 0:03:20]} 19. Rac1 {[%emt 0:02:14]} Rc6 {[%emt 0:02:03]} 20. Rfd1 {[%emt 0:01:44]} Rd8 {[%emt 0:06:23]} 21. Qc2 {[%emt 0:07:34]} Ba6 {[%emt 0:03:58]} 22. Ng5 {[%emt 0:04:45]} Rg6 {[%emt 0:05:02]} 23. Qf5 {[%emt 0:02:39]} Nf6 {[%emt 0:03:27]} 24. Rxd8+ {[%emt 0:07:22]} Qxd8 {[%emt 0:00:08]} 25. Bxc5 {[%emt 0:04:05]} Bxc5 {[%emt 0:00:14]} 26. Rxc5 {[%emt 0:00:05]} h6 {[%emt 0:00:29]} 27. Nf3 {[%emt 0:01:03]} Qd1+ {[%emt 0:00:41]} 28. Bf1 {[%emt 0:00:04]} Bxe2 {[%emt 0:00:13]} 29. Qc8+ {[%emt 0:00:16]} Kh7 {[%emt 0:00:07]} 30. Rc1 {[%emt 0:00:12]} Bxf3 {[%emt 0:04:34]} 31. Rxd1 {[%emt 0:00:14]} Bxd1 {[%emt 0:00:05]} 32. Bc4 {[%emt 0:00:44]} 1-0